Normal view
MARC view
- التدريب الاداري- الكفايات الوظيفية- هيئة تنظيم الطيران المدني-الاردن
Entry Topical Term
001 - CONTROL NUMBER
- control field: 61419
003 - CONTROL NUMBER IDENTIFIER
- control field: JO-AjAnu
005 - DATE AND TIME OF LATEST TRANSACTION
- control field: 20230606084033.0
008 - FIXED-LENGTH DATA ELEMENTS
- fixed length control field: 230606|| aca||aabn | a|a d
040 ## - CATALOGING SOURCE
- Original cataloging agency: JO-AjAnu
- Transcribing agency: JO-AjAnu
150 ## - HEADING--TOPICAL TERM
- Topical term or geographic name entry element: التدريب الاداري- الكفايات الوظيفية- هيئة تنظيم الطيران المدني-الاردن
670 ## - SOURCE DATA FOUND
- Source citation: Work cat.: (JO-AjAnu)31329: إعداد الخريشه، محمود محمد ظاهر؛ اشراف هشام علي شطناوي , author 61418, اثر التدريب المبني على الكفايات على الاداء الوظيفي للعاملين في هيئة تنظيم الطيران المدني الاردني = The Impact of Competency-Based Training on Job Performancr for Staff in Jordanian Civial Aviation Regulatory Commission